| 000 | 00583nam a2200205 a 4500 | ||
|---|---|---|---|
| 001 | 86087 | ||
| 003 | BD-RjUL | ||
| 005 | 20260112120559.0 | ||
| 008 | 260112s1899 enk||||| |||| 00| 0 eng d | ||
| 035 | _a(BD-RjUL)86087 | ||
| 040 |
_aBD-RjUL _beng _cBD-RjUL |
||
| 041 | _aben | ||
| 082 |
_223 _a843.7 _bBAG 1899 |
||
| 100 | _aBalzac, Honoré de | ||
| 245 |
_aGambara / _cHonoré de Balzac |
||
| 260 |
_aLondon : _bCaxton Publishing Company, _c 1899 |
||
| 300 |
_a386 pages, 5 unnumbered leaves of plates : _billustrations ; _c22 cm. |
||
| 650 | _aFrench fiction | ||
| 942 |
_2ddc _cBK |
||
| 999 |
_c86087 _d86087 |
||